000
00267nam a22001217a 4500
100
_a
Lalsi Kuruvila, P.
245
_a
Idavilayayi cocoa
260
_b
Rubber, 699(August): 2024. 21-22.
300
_b
Malayalam
650
_a
Cocoa
650
_a
Intercrop
942
_c
JS
999
_c
75333
_d
75333